000 00258nam a22001217a 4500
008 260317b ||||| |||| 00| 0 eng d
041 _aeng
080 _a2.1
100 _a20.1
101 _areport
245 _aSelf - Evaluation Report
942 _2udc
_cBK
999 _c60908
_d60908